000 00430nam a2200157Ia 4500
008 240729s9999 xx 000 0 und d
022 _a1179-1357
245 0 _aClinical, Cosmetic and Investigational Dentistry
260 _aUnited Kingdom
260 _bDove Medical Press
650 _a Dentistry
650 _aMedicine
856 _uhttps://doaj.org/toc/472a74db46d54b338061034851567669
942 _2ddc
942 _cDOAJEJ
999 _c73614
_d73614
945 _a1
_bMadushi Gamage
_c1
_dMadushi Gamage